Uczestnicy Full Focus Igrzysk Śmierci - Statystyki

Ogólne statystyki
  • Ten quiz został rozwiązany 12 razy
  • Średni wynik to 6 z 10
Statystyki odpowiedzi
Hint Odpowiedź % Poprawnych
2 Nieuczesana
89%
9 Arquel
78%
4 Nervarien
78%
5 Spartiatix
67%
3 Stazja
67%
8 Vander
67%
10 Kubon
56%
1 Rajon
44%
7 Sinmivak
44%
6 Infomode
33%
Nie znaleziono quizów pasujących do podanych kryteriów
Rozkład punktacji
Procent ludzi z każdym wynikiem
Percentyl według liczby udzielonych odpowiedzi
Twoja historia wyników
Nie rozwiązałeś tego quizu